<?xml version="1.0" encoding="UTF-8"?>
<record
    xmlns:xsi="http://www.w3.org/2001/XMLSchema-instance"
    xsi:schemaLocation="http://www.loc.gov/MARC21/slim http://www.loc.gov/standards/marcxml/schema/MARC21slim.xsd"
    xmlns="http://www.loc.gov/MARC21/slim">

  <leader>02321nam a2200253 a 4500</leader>
  <controlfield tag="001">ASIN3642647596</controlfield>
  <controlfield tag="003">Nust- CAS-E</controlfield>
  <controlfield tag="005">20180118181401.0</controlfield>
  <controlfield tag="008">140820s2011    xxu                 eng d</controlfield>
  <datafield tag="020" ind1=" " ind2=" ">
    <subfield code="a">3642647596 </subfield>
    <subfield code="c">$99.00</subfield>
  </datafield>
  <datafield tag="020" ind1=" " ind2=" ">
    <subfield code="a">9783642647598 </subfield>
  </datafield>
  <datafield tag="040" ind1=" " ind2=" ">
    <subfield code="c">0</subfield>
  </datafield>
  <datafield tag="082" ind1=" " ind2=" ">
    <subfield code="a">621.31</subfield>
    <subfield code="b">SOL 2011</subfield>
  </datafield>
  <datafield tag="245" ind1="1" ind2="0">
    <subfield code="a">Solar power plants :</subfield>
    <subfield code="b">fundamentals, technology, systems, economics /</subfield>
    <subfield code="c">C.-J. Winter, Rudolf L. Sizmann, Lorin L. Vant-Hull.</subfield>
  </datafield>
  <datafield tag="250" ind1=" " ind2=" ">
    <subfield code="a">Softcover reprint of the original 1st ed. 1991.</subfield>
  </datafield>
  <datafield tag="260" ind1=" " ind2=" ">
    <subfield code="a">[S.l.] :</subfield>
    <subfield code="b">Springer,</subfield>
    <subfield code="c">2011.</subfield>
  </datafield>
  <datafield tag="300" ind1=" " ind2=" ">
    <subfield code="a">425 p. ;</subfield>
    <subfield code="c">24 cm.</subfield>
  </datafield>
  <datafield tag="520" ind1=" " ind2=" ">
    <subfield code="a">In the introductory and concluding chapters this book strive to satisfy the needs of the interested lay reader by addressing the potential, advantages, and costs of solar power plants. For the interested student, scientist, or technically oriented lay person the physical principles of insolation, its variability, concentration, and most efficient use are developed in some detail. Finally, experimental and theoretical developments in the recently created field of solar driven chemistry (via thermal, quantum, or electrical excitation) are described. The contributions in this book are written by leading solar scientists and engineering experts whose extensive background and experience in solar energy lend authenticity and completeness to the book. Design aspects of, and results from large experimental and demonstration plants are described by individuals who were directly involved in the design and testing of many of these plants. Consideration of the viability and future economics of large-scale solar power generation provides an outlook on the energy contributions which can be expected from an optional future supply of abundant and renewable energy, having little impact on the environment. This provides the rationale for the continued commitment to the development of solar power technologies by researchers, engineers, and industry. The eventual depletion of, or future political attacks on our energy supply will have less serious impact once this renewable option is in place.</subfield>
  </datafield>
  <datafield tag="700" ind1="1" ind2=" ">
    <subfield code="a">Winter, C.-J.</subfield>
  </datafield>
  <datafield tag="700" ind1="1" ind2=" ">
    <subfield code="a">Sizmann, Rudolf L.</subfield>
  </datafield>
  <datafield tag="700" ind1="1" ind2=" ">
    <subfield code="a">Vant-Hull, Lorin L.</subfield>
  </datafield>
  <datafield tag="856" ind1="4" ind2="0">
    <subfield code="3">Amazon.com</subfield>
    <subfield code="u">http://www.amazon.com/exec/obidos/ASIN/3642647596/chopaconline-20</subfield>
  </datafield>
  <datafield tag="942" ind1=" " ind2=" ">
    <subfield code="2">ddc</subfield>
    <subfield code="c">BK</subfield>
  </datafield>
  <datafield tag="999" ind1=" " ind2=" ">
    <subfield code="c">355416</subfield>
    <subfield code="d">355416</subfield>
  </datafield>
  <datafield tag="952" ind1=" " ind2=" ">
    <subfield code="0">0</subfield>
    <subfield code="1">0</subfield>
    <subfield code="2">ddc </subfield>
    <subfield code="4">0</subfield>
    <subfield code="7">0</subfield>
    <subfield code="8">NFIC</subfield>
    <subfield code="a">CAS-E</subfield>
    <subfield code="b">CAS-E</subfield>
    <subfield code="c">GEN</subfield>
    <subfield code="d">2013-06-07</subfield>
    <subfield code="e">Progressive Int.</subfield>
    <subfield code="l">4</subfield>
    <subfield code="m">2</subfield>
    <subfield code="o">621.31 SOL 2011</subfield>
    <subfield code="p">CAS-E0000343</subfield>
    <subfield code="r">2017-01-12</subfield>
    <subfield code="s">2017-01-12</subfield>
    <subfield code="v">7449.54</subfield>
    <subfield code="w">2014-08-20</subfield>
    <subfield code="y">BK</subfield>
  </datafield>
</record>
